000
00352 a2200169 4500
001
191505
020
_a
85-02-02713-1
040
_c
Magnum
100
_a
Murray, Roseana
240
1
0
_a
Porta a porta
_l
por
245
1
0
_a
Porta a porta
300
_a
77
362
0
_a
1998
440
1
_a
Saraiva
697
_a
LITERATURA INFANTO-JUVENIL
942
_c
BK
999
_c
191505
_d
191505